Culture Générale #01 - Histoire - Statistiques

Statistiques générales
  • Ce quiz a été pris 493 fois
  • Le résultat moyen est 8 sur 20
Statistiques - réponses
Question Réponse % Correct
Complétez la citation suivante : "Françaises, français Je vous ai _______" - De Gaulle. Compris
80%
Nommez le le célèbre dictateur ayant dirigé l'Espagne pendant près de 40 ans ?. Francisco Franco
72%
Nommez le premier président de "gauche" de la Cinquième République française.. François Mitterrand
68%
A quel pays Gengis Khan est-il associé ? Mongolie
68%
Quelles villes japonaises ont été visées par deux bombes atomiques américaines en 1945 ? Hiroshima et Nagasaki
62%
Qui a utilisé le slogan "Moi, Président" lors de sa campagne pour les élections présidentielles ? François Hollande.
59%
Qui est le premier roi Capétiens ? Hugues Capet
52%
Comment s'appelle la vague de révoltes qui a touché de nombreux pays du monde Arabe au début des années 2010 ? Printemps Arabe
52%
Quelle affaire a mené R. Nixon à démissionner de sa fonction de Président des Etats-Unis ? Affaire du Watergate
46%
Qui est le successeur de Staline à la tête de l'URSS en 1953 ? Nikita Khrouchtchev
35%
En quelle année l'esclavage a-t-il été définitivement aboli en France ? 1848
34%
En quelle année est mort Louis XIV ? 1715
33%
Quelle crise politique a impliqué la France, le Royaume-Uni et Israël contre l'Egypte dans les années 1950 ? Crise de Suez
30%
Citez un des 5 "pères fondateurs" de l'Union Européenne. Konrad Adenauer / Alcide de Gasperi / Jean Monnet / Robert Schuman / Paul-Henri Spaak
30%
Nommez la bataille qui mis fin à la Guerre d'Indochine en 1954. Diên Biên Phu
23%
Comment s'appelle le régime suivant la Convention en France ? Le Directoire
22%
Qui fût le premier Président de la IIIème République française ? Adolphe Thiers
21%
Comment s'appelle l'événement marquant de 1773 lors de la guerre d'indépendance des USA ? Boston Tea Party
16%
Où sont signés les Accords de Dayton sensés mettre fin à la Guerre de Yougoslavie ? Paris
8%
Complétez : "Les _____ ________ de Deng Xiaoping" Quatre Modernisations
3%
Aucun quiz correspondant
Distribution des résultats
% des personnes avec chaque résultat
Percentile par nombre de réponses
Votre historique - résultats
Vous n’avez pas pris ce quiz